Central Library OPAC University of Rajshahi

Steinbeck / (Record no. 63584)

MARC details
000 -LEADER
fixed length control field 00571nam a2200217 a 4500
001 - CONTROL NUMBER
control field 63584
003 - CONTROL NUMBER IDENTIFIER
rucl marc code BD-RJUL
005 - DATE AND TIME OF LATEST TRANSACTION
control field 20211209081219.0
008 - FIXED-LENGTH DATA ELEMENTS--GENERAL INFORMATION
fixed length control field 170131s1962 enk 000 0aeng
035 ## - SYSTEM CONTROL NUMBER
System control number (BD-RJUL)63713
040 ## - CATALOGING SOURCE
Original cataloging agency DLC
Transcribing agency DLC
Modifying agency BD-RJUL
Language of cataloging eng
041 ## - LANGUAGE CODE
Language code of text/sound track or separate title eng
082 ## - DEWEY DECIMAL CLASSIFICATION NUMBER
Edition number 23
Classification number 813.5
Author mark and year WAS 1962
100 ## - MAIN ENTRY--PERSONAL NAME
Personal name Watt F W
9 (RLIN) 188981
245 10 - TITLE STATEMENT
Title Steinbeck /
Statement of responsibility, etc. F W Watt
260 ## - PUBLICATION, DISTRIBUTION, ETC. (IMPRINT)
Place of publication, distribution, etc. London :
Name of publisher, distributor, etc. Viking Press,
Date of publication, distribution, etc. c1962
300 ## - PHYSICAL DESCRIPTION
Pagination xv, 117 p. ;
Size 25 cm.
504 ## - BIBLIOGRAPHY, ETC. NOTE
Bibliography, etc Includes Bibliography
600 10 - SUBJECT ADDED ENTRY--PERSONAL NAME
Personal name Steinbeck, John,
Dates associated with a name 1902-1968
942 ## - ADDED ENTRY ELEMENTS (KOHA)
Source of classification or shelving scheme Dewey Decimal Classification
Koha item type Books
Holdings
Lost status Source of classification or shelving scheme Damaged status Not for loan Collection code Permanent Location Current Location Shelving location Date acquired Source of acquisition Cost, normal purchase price Total Checkouts Full call number Date last seen Copy number Koha item type
  Dewey Decimal Classification   Not For Loan Non-fiction Central Library, University of Rajshahi Central Library, University of Rajshahi Reading Room 13/04/1964 Zeitlinger 5.00   813.5 WAS 1962 31/01/2017 C-1 Books